00385nam a2200109Ia 4500008004100000082000800041100001300049245009600062942000600158952009600164999001500260240331s9999 xx 000 0 und d bDAL aDalmia,V 0aOrienting India :bEuropean knowledge formation in the Eighteenth and Nineteenth Centuries  cL 001040708LaWERCLbWERCLcSSCd2024-03-31l0o 954 DAL p6661r2024-03-31w2024-03-31yL c5675d5675